Quiz tout les ranks Valorant - Statistiques

Statistiques générales
  • Ce quiz a été pris 726 fois
  • Le résultat moyen est 10 sur 10
Statistiques - réponses
Par images Réponse % Correct
Bronze
100%
Gold / OR
100%
Iron / Fer
99%
Platine / Platinum
99%
Silver / Argent
99%
Diamant / Diamond
98%
Immortel / Immortal
98%
Radiant
97%
Ascendant / Ascending
94%
unranked / No ranked
82%
Aucun quiz correspondant
Distribution des résultats
% des personnes avec chaque résultat
Percentile par nombre de réponses
Votre historique - résultats
Vous n’avez pas pris ce quiz